Normal view
MARC view
- Mansour, Norman P
Entry Personal Name
001 - CONTROL NUMBER
- control field: 83896
003 - CONTROL NUMBER IDENTIFIER
- control field: NUST
005 - DATE AND TIME OF LATEST TRANSACTION
- control field: 20211111115331.0
008 - FIXED-LENGTH DATA ELEMENTS
- fixed length control field: 211111|| aca||aabn | a|a d
040 ## - CATALOGING SOURCE
- Original cataloging agency: NUST
- Transcribing agency: NUST
100 ## - HEADING--PERSONAL NAME
- Personal name: Mansour, Norman P
670 ## - SOURCE DATA FOUND
- Source citation: Work cat.: (NUST)31751: Ribbens, William B. 67961, Understanding Automotive Electronics /, c1998.
